Mathematics for 3D game programming and computer graphics (Record no. 10889)
[ view plain ]
| 000 -LEADER | |
|---|---|
| fixed length control field | 00429 a2200157 4500 |
| 020 ## - INTERNATIONAL STANDARD BOOK NUMBER | |
| International Standard Book Number | 9781435458864 |
| 090 ## - LOCALLY ASSIGNED LC-TYPE CALL NUMBER (OCLC); LOCAL CALL NUMBER (RLIN) | |
| -- | 7084 |
| -- | 7084 |
| 100 ## - MAIN ENTRY--PERSONAL NAME | |
| Personal name | Lengyel, Eric |
| 245 ## - TITLE STATEMENT | |
| Title | Mathematics for 3D game programming and computer graphics |
| Statement of responsibility, etc. | Eric Lengyel |
| 250 ## - EDITION STATEMENT | |
| Edition statement | 3rd ed |
| 260 ## - PUBLICATION, DISTRIBUTION, ETC. | |
| Place of publication, distribution, etc. | China |
| Name of publisher, distributor, etc. | Course Technalogy |
| Date of publication, distribution, etc. | 2012 |
| 300 ## - PHYSICAL DESCRIPTION | |
| Extent | 545 p. |
| 650 ## - SUBJECT ADDED ENTRY--TOPICAL TERM | |
| Topical term or geographic name entry element | Computer games--Programming |
| 700 ## - ADDED ENTRY--PERSONAL NAME | |
| Personal name | Eric Lengyel |
| 942 ## - ADDED ENTRY ELEMENTS (KOHA) | |
| Koha item type | Book |
| Call number prefix | 794.816693 LEN |
| Withdrawn status | Lost status | Damaged status | Not for loan | Collection code | Permanent Location | Current Location | Shelving location | Date acquired | Source of acquisition | Cost, normal purchase price | Total Checkouts | Full call number | Barcode | Date last seen | Price effective from | Koha item type |
|---|---|---|---|---|---|---|---|---|---|---|---|---|---|---|---|---|
| Central Library (CL) | Central Library (CL) | General Stacks | 04/20/2012 | Global~Link Information Services | 6106.68 | 794.816693 LEN | SEECS011238 | 11/14/2012 | 01/05/2017 | Book |
